1441 1867 1421 1021 1536 1403 1244 1289 1113 1269 1082 1718 1022 1478 1186 1539 1877 1658 1356 1729 1355 1514 1463 1078 1035 1946 1551 1548 1947 1626 1200 1762 1571 1375 1098 1819 1236 1053 1136 1275 1479 1289 1884 1603 1863 1963 1393 1139 1143 1891 1619 1696 1042 1555 1881 1350 1050 1389 1476 1764 1220 1402 1451 1578 1056 1837 1179 1531 1281 1400 1917 1520 1390 1902 1902 1205 1392 1736 1149 1439 1783 1882 1808 1183 1498 1249 1334 1382 1679 1590 1950 1703 1402 1185 1753 1757 1900 1497 1049 BCNSPRNW ULIB Ver.6.0+V

เปลี่ยนเป็นภาษาไทย

Change to English
 แสดงรายละเอียดบรรณานุกรม
  กลับหน้าหลัก

Brief Record : Get Marc (ISO 2709) : E-mail record : QR code < ปิดหน้าต่าง
LEADER : 00000nam 2200000uu 4500
001    13399123605
003     ULIB
008    141017s2549||||th 000 0 tha d
099    วจ.WY18^bส842ก
100 0  สุมาลี ราชนิยม, รัชชนก สิทธิเวช และคณิสร แก้งแดง
245 00 การประเมินความพร้อมในการปฏิบัติการพยาบาลของนักศึกษาหลักสูตรพยาบาลศาสตรบัณฑิต ยชั้นปีที่ 2 วิทยาลัยพยาบาลพระปกเกล้า จันทบุรี/^cสุมาลี ราชนิยม, รัชชนก สิทธิเวช และคณิสร แก้งแดง
260    จันทบุรี:^bวิทยาลัยพยาบาลพระปกเกล้า จันทบุรี,^c2549
945    ^p0^l0^i019546
999    ^aเกษร โพธิ์สุวรรณ
รายการนี้ยังไม่มีแท็ก
คุณยังไม่ได้ล็อกอิน คุณสามารถมีกิจกรรมร่วมกับเว็บไซต์ได้ แต่ต้องล็อกอินก่อน ::
  ล็อกอิน

รายการสื่อสารสนเทศ

ลำดับที่ ประเภท เลขเรียก/บาร์โค้ด สถานที่ สถานะ
1. งานวิจัย
งานวิจัย
วจ.WY18 ส842ก ฉ.1 
  Barcode: 019546
ห้องสมุดวิทยาเขตสวรรค์ประชารักษ์
►วิจัย
บนชั้น

BibComment


ยังไม่เคยถูกคอมเมนท์

คอมเมนท์ทรัพยากรรายการนี้
  คอมเมนท์: การประเมินความพร้..


 Copyright 2026. Bcnsprnw @Library